| 000 | 00718cam a2200241 4500 | ||
|---|---|---|---|
| 008 | 090401t1993 xxu||||| |||| 00| 0 eng d | ||
| 020 | _a1872534260 | ||
| 035 | _a(Sirsi) u76265 | ||
| 041 | _aeng | ||
| 050 | _a333.33025 | ||
| 245 | _aTuckers` directory of the Surveyors 500: the guide to UK Chartered Surveyors. | ||
| 260 |
_aManchester _bTuckers Directories _c1993 |
||
| 300 | _a311p. ; 21cm. | ||
| 350 | _a29.95 | ||
| 650 | _aABOUT RICS-RICS MEMBERS | ||
| 650 | _aDIRECTORIES | ||
| 650 | _aSURVEYORS 500 | ||
| 650 | _aTUCKERS DIRECTORY | ||
| 690 | _aMANAGEMENT-BUSINESS MANAGEMENT-PROFESSIONAL PRACTICE | ||
| 700 |
_aTucker, David C. & Tucker, Harold, _xEditor |
||
| 942 | _n0 | ||
| 948 | _c04/03/1997 | ||
| 999 |
_c96142 _d96142 |
||